000 00617nam a2200229Ia 4500
003 OSt
005 20221007075955.0
006 a|||||r|||| 00| 0
007 ta
008 221006b |||||||| |||| 00| 0 eng d
024 _a8,573
037 _cTextual
040 _aFLL
_cFLL
_beng
041 _2eng
_aeng
082 _aX7291:Z281q, L5
100 _aSaini S.P.
_9309961
245 0 _aDelhi sales tax law (local)
260 _aNew Delhi
_bSaini Law Publishing Co. India
_c1975
300 _aiv(2)/19p
_ccm.
942 _hX7291:Z281q, L5
_cTEXL
_2CC
999 _c1157983
_d1157983